| 000 | 00486nam a2200169Ia 4500 | ||
|---|---|---|---|
| 008 | 210327s9999||||xx |||||||||||||| ||und|| | ||
| 020 | _a. | ||
| 040 | _cSTCPL | ||
| 041 | _hENG | ||
| 082 |
_a262.5 _bLOU-V |
||
| 100 | _aLourdusamy D S | ||
| 245 | 0 | _aVatican II digest | |
| 260 |
_aBanglore _bArun Books _c1966 |
||
| 300 | _a132 | ||
| 650 | _aChristian Theology Christian Doctrinal Theologyकथाकार भगवत्ीप्रसाद वाजपेयी | ||
| 942 | _cBK | ||
| 999 |
_c26611 _d26611 |
||